| 000 | 00837nam a2200193 a 4500 | ||
|---|---|---|---|
| 005 | 20260322212009.0 | ||
| 008 | data | ||
| 092 | _a909 W4 1931 | ||
| 245 | 0 | 4 |
_aThe outline of history, being a plain history of life and mankind _cedited by H. G. Wells. |
| 260 |
_aGarden City, N.Y. _bGarden City Publishing Co., Inc. _cc1931 |
||
| 300 |
_axxi p., 1 l., 1174 p. : _b illus. (incl. ports., maps) diagrs. ; _c 21 cm. |
||
| 490 | 0 | _aA Star book | |
| 500 | _a"Chronological table": p. 1102-1121. | ||
| 500 | _aIn Library storage. | ||
| 650 | 4 | _aWorld history. | |
| 700 | 1 |
_aWells, H. G. _d1866-1946. _q(Herbert George), |
|
| 856 | 4 | 0 |
_uhttps://openlibrary.org/works/OL52210W/The_outline_of_history_being_a_plain_history_of_life_and_mankind?edition=outlineofhistoryv2welluoft _yOnline access from the Open Library. _zRequires free sign up. |
| 001 | data | ||
| 999 |
_c185 _d185 |
||